| 000 | 00803nam a2200217Ia 4500 | ||
|---|---|---|---|
| 008 | 130821s2010 ag ao gr spa | ||
| 020 | _a9788498353303 | ||
| 040 |
_aCo-BoUCM _bspa |
||
| 041 | 0 | 0 | _aspa |
| 060 | _aWE 348 | ||
| 245 | 0 | 0 |
_aArtrosis fisiopatología, diagnóstico y tratamiento _cdirector Jordi Monfort Faure. |
| 260 |
_aBuenos Aires (Argentina) _bEditorial Médica Panamericana _c2010 |
||
| 300 |
_axv, 560 páginas _bfotografías, tablas |
||
| 504 | _aIncluye referencias bibliográficas, índice analítico e índice de contenido. | ||
| 650 | 0 | 4 |
_aArtritis _99588 |
| 650 | 0 | 4 |
_aEnfermedades de las articulaciones _914317 |
| 650 | 0 | 4 |
_aHuesos _xEnfermedades _930271 |
| 650 | 0 | 4 |
_aOrtopedia _926544 |
| 650 | 0 | 4 |
_aOsteoartritis _9160132 |
| 942 |
_cLIBRO _2NLM _a15 _e1 _hWE 348 _mA792 |
||
| 999 |
_c39552 _d39552 |
||